Online
Catalog

Pacifism in Europe to 1914 / (Record no. 14727)

MARC details
000 -CABECERA
campo de control de longitud fija 00752cam a2200241 a 4500
001 - NÚMERO DE CONTROL
campo de control 000015155
005 - FECHA Y HORA DE LA ÚLTIMA TRANSACCIÓN
campo de control 20200929163953.0
008 - DATOS DE LONGITUD FIJA--INFORMACIÓN GENERAL
campo de control de longitud fija 720803s1972 nju b 001 0 eng
020 ## - NÚMERO INTERNACIONAL ESTÁNDAR DEL LIBRO
Número Internacional Estándar del Libro 0691046085
040 ## - FUENTE DE LA CATALOGACIÓN
Centro catalogador/agencia de origen DO-SdBNP
Lengua de catalogación eng
Centro/agencia transcriptor LC
Centro/agencia modificador BNPHU
050 00 - SIGNATURA TOPOGRÁFICA DE LA BIBLIOTECA DEL CONGRESO
Número de clasificación JX1938
Número de documento/Ítem .B76
082 ## - NÚMERO DE LA CLASIFICACIÓN DECIMAL DEWEY
Número de clasificación 261.8/73
Número de documento/Ítem B864p
049 ## - FONDOS LOCALES (OCLC)
Fondos de biblioteca BNGR
100 1# - ENTRADA PRINCIPAL--NOMBRE DE PERSONA
Nombre de persona Brock, Peter,
Fechas asociadas al nombre 1920-2006.
9 (RLIN) 34303
245 10 - MENCIÓN DE TÍTULO
Título Pacifism in Europe to 1914 /
Mención de responsabilidad, etc. Peter Brock.
260 ## - PUBLICACIÓN, DISTRIBUCIÓN, ETC.
Lugar de publicación, distribución, etc. Princeton, New Jersey :
Nombre del editor, distribuidor, etc. Princeton University Press,
Fecha de publicación, distribución, etc. 1972.
300 ## - DESCRIPCIÓN FÍSICA
Extensión x, 556 p. ;
Dimensiones 25 cm.
490 1# - MENCIÓN DE SERIE
Mención de serie History of pacifism,
Designación de volumen o secuencia v. 1
504 ## - NOTA DE BIBLIOGRAFÍA, ETC.
Nota de bibliografía, etc. Bibliografía: p. 505-544.
650 #0 - PUNTO DE ACCESO ADICIONAL DE MATERIA--TÉRMINO DE MATERIA
Término de materia o nombre geográfico como elemento de entrada Pacifism
Subdivisión general History.
9 (RLIN) 34304
830 #0 - PUNTO DE ACCESO ADICIONAL DE SERIE-TÍTULO UNIFORME
Título uniforme History of pacifism,
Designación de volumen o secuencia v. 1
9 (RLIN) 34305
910 ## - DATOS DE OPCIÓN DEL USUARIO (OCLC)
Datos de opción del usuario Catalogación por copia / LC
Holdings
Estado de retiro Estado de pérdida Restricciones de uso No para préstamo Código de colección Localización permanente Ubicación/localización actual Ubicación en estantería Fecha de adquisición Número de inventario Total de préstamos Signatura topográfica completa Código de barras Fecha visto por última vez Precio válido a partir de Tipo de ítem Koha
    Préstamo interno   Monografías: Libros y Folletos General General En catalogación 01.02.2010 LF1   261.8/73 B864p 15155-10 25.06.2020 25.06.2020 Préstamo interno

Powered by Koha